Statystyki dla Postacie MCU

Kliknij tutaj aby rozwiązać quiz!

Ogólne statystyki

  • Ten quiz został rozwiązany 1 045 razy
  • Średni wynik to 31 z 72

Statystyki odpowiedzi

Postacie MCUOdpowiedź% Poprawnych
Tony Stark czyli geniusz i miliarder który ma własną zbrojęIron Man
100%
Steve Rogers, czyli odmrożony po 70 latach bohater AmerykiKapitan Ameryka
99%
Bóg piorunów, MjolnirThor
99%
Bruce Banner, zielony potwór, promieniowanie gammaHulk
98%
Natasha Romanoff, Natalia Romanova, AgentkaCzarna Wdowa
96%
Drzewo mówiący tylko "Ja jestem ...", członek strażników galaktykiGroot
87%
Clint Burton, Mistrz strzelania z łukuHawkeye
87%
Peter Parker, ugryziony przez radioaktywnego pająka, jego największy idol to Tony StarkSpider-Man
85%
Scott Lang, były przestępca, zakochany w Hope van DyneAnt-man
84%
T'Challa, król WakandyCzarna Pantera
84%
Córka szalonego Tytana, najniebezpieczniejsza kobieta w galaktyce, członkini strażników galaktykiGamora
84%
Peter Quill, pół Ziemianin, członek strażników galaktykiStar-Lord
81%
Szalony Tytan, zgromadził wszystkie kamienie nieskończoności i pstryknął palcamiThanos
79%
Stephen Strange, były neurochirurg, strażnik Oka AgamottoDoktor Strange
76%
Szop, zna się na broni, członek strażników galaktykiRocket
76%
James "Bucky" Barnes, najlepszy przyjaciel Steva RogersaZimowy żołnierz
75%
Bóg podstępu, syn LaufeyaLoki
72%
Hope van Dyne, córka byłego Ant-ManaOsa
70%
Ojciec Boga piorunówOdyn
69%
Szalony Tytan zabił jego całą rodzinę, członek strażników galaktykiDrax
68%
Jarvis, android potrafiący przechodzić przez ścianyVision
67%
Wanda Maximoff, siostra Pietro MaximoffaScarlet Witch
64%
Pietro Maximoff, brat Wandy Maximoff, śmierć w Avengers: Czas UltronaQuicksilver
63%
James "Rhodey" Rhodes, najlepszy przyjaciel Tonego StarkaWar Machine
61%
Były dyrektor TARCZY, twórca projektu AvengersNick Fury
58%
Stworzony przez Tonego Starka inteligentny robotUltron
54%
Virginia Potts, Rescue, Asystentka Tonego StarkaPepper
50%
Wychowana przez ojca Petera Quilla, dołączyła do strażników galaktyki późniejMantis
48%
Siostra Boga piorunówHela
47%
Johann Schmidt, lider HydryRed Skull
45%
Były Ant-Man, twórca cząsteczek ...Hank Pym
40%
Ojciec Petera Quilla, Żywa planetaEgo
39%
Ciocia Petera ParkeraMay Parker
38%
Siostra T'ChalliShuri
37%
Asgardczyk, strażnik Bifrostu, zabity przez szalonego TytanaHeimdall
35%
Nowa królowa AsgarduWalkiria
35%
Wychował Petera Quilla, Mary PoppinsYondu
35%
Najlepszy przyjaciel Petera ParkeraNed
33%
Wróg Stephena Strenga, pochodzi z innego wymiaruDormammu
32%
Była Boga PiorunówJane Foster
31%
Założycielka SHIELD, Steve Rogers obiecał jej taniecPeggy Carter
31%
Ochroniarz i szofer Tonego StarkaHappy Hogan
30%
Uczyła Stephena StrangeStarożytna
29%
Peter Parker był w niej zakochany, jej ojciec to przestępcaLiz
28%
N'Jadaka, przeciwnik T'ChalliKillmonger
27%
Współpracowniczka twórcy projektu AvengersMaria Hill
26%
Przywódczyni Dora Milaje w WakandzieOkoye
24%
Ojciec T'ChalliT'Chaka
23%
Ojciec Liz, przeciwnik Petera ParkeraVulture
23%
Aktor który grał bezwzględnego terrorysteMandaryn
22%
Był jednym z Kree, miał kamień MocyRonan
20%
Ivan Vanko, Rosyjski fizyk, syn Antona VankoWhiplash
19%
Król JabariM'Baku
18%
Emil Blonsky, promieniowanie GammaAbomination
17%
Armia Szalonego TytanaChitauri
16%
Ava Starr, przeciwniczka Scotta LangaDuch
15%
Mroczny ElfMalekith
15%
Darren Cross, chciał sprzedać cząsteczki Pyma dla np. HydryYellowjacket
15%
Po straceniu rodziny w Sokovii, skłócił dróżynę AvengersBaron Zemo
14%
Naukowiec HydryArnim Zola
12%
Żona byłego Ant-mana, była OsaJanet Van Dyne
12%
Rywal Tonego Starka, pracodawca Ivana VankoJustin Hammer
10%
Szpieg z Wakandy, była T'ChalliNakia
9%
Genialny Fizyk, był kontrolowany przez (adoptowanego) brata Boga PiorunówErik Selvig
8%
Iron Monger, były współpracownik Tonego StarkaObadiah Stane
7%
Naukowiec który był prawdziwym terrorystąAldrich Killian
5%
Sztuczna Inteligencja, władca imperium KreeNajwyższa Inteligencja
5%
Handlarz bronią, został zabity przez N'JadakeUlysses Klaue
5%
Agent CIA, uratowany przez T'ChalleEverett Ross
4%
Zabity przez Erika StevensaZuri
4%
Był jednym z liderów HydryAlexander Pierce
3%
Przywódca KreeYon-Rogg
3%

Rozkład punktacji

Percentyl według liczby udzielonych odpowiedzi

Procent ludzi z każdym wynikiem

Twoja historia wyników

Nie rozwiązałeś tego quizu